FC26 Top Overall Player for Each WC26 Country - Statistics

General Stats
  • This quiz has been taken 45 times
  • The average score is 17 of 42
Answer Stats
Hint Answer % Correct
United States Christian Pulisic
87%
Norway Erling Haaland
87%
France Kylian Mbappe
85%
Argentina Lautaro Martinez
82%
Canada Alphonso Davies
79%
Egypt Mohammed Salah
79%
South Korea Heung Min Son
77%
England Jude Bellingham
77%
Netherlands Virgil Van Dijk
69%
Morroco Achraf Hakimi
67%
Algeria Riyad Mahrez
67%
Belgium Thibaut Courtois
67%
Brazil Vinicius Jr
64%
Portugal Vitinha
64%
Uruguay Federico Valverde
59%
Croatia Josko Gvardiol
59%
Colombia Luis Diaz
51%
Ecuador Moises Caicedo
49%
Spain Rodri
49%
New zealand Chris Wood
46%
Austria David Alaba
46%
Germany Joshua Kimmich
46%
Iran Mehdi Taremi
38%
Scotland Scott McTominay
36%
Uzbekistan Abdukodir Khusanov
33%
Switzerland Yan Sommer
28%
Qatar Akram Afif
26%
Senegal Kalidou Koulibaly
23%
Japan Takefusa Kubo
21%
Saudi Arabia Salem Al Dawsari
18%
Ghana Inaki Williams
13%
Mexico Julian Quinones
10%
Australia Jackson Irvine
8%
Paraguay Amir Murillo
5%
Ivory Coast Evan Ndicka
3%
Cape Verde Logan Costa
3%
Jordan Musa Al Tamari
3%
Curacao Tahith Chong
3%
Tunisia Ellyes Skhiri
0%
Haiti Frantzdy Pierrot
0%
Panama Kaku
0%
South Africa Siyabonga Ngezana
0%
No matching quizzes found
Score Distribution
Percent of People with Each Score
Percentile by Number Answered
Your Score History
You have not taken this quiz